| 000 | 00785pam a2200265 a 4500 | ||
|---|---|---|---|
| 999 |
_c7324 _d7324 |
||
| 001 | 2941719 | ||
| 003 | OSt | ||
| 005 | 20211004125917.0 | ||
| 008 | 900222s1991 njua b 001 0 eng | ||
| 010 | _a 90006977 | ||
| 020 | _a0135897637 | ||
| 040 |
_aDLC _cDDC _dDLC |
||
| 050 | 0 | 0 |
_aQA402.3 _b.B76 1991 |
| 082 | 0 | 0 | _a629.8BRO 1991 |
| 100 | 1 |
_aBrogan,William L.; _915012 |
|
| 245 | 1 | 0 |
_aModern control theory. _cEdited by Brogan,William L.; |
| 250 | _a3rd ed. | ||
| 260 |
_aEnglewood Cliffs, N.J. : _bPrentice Hall, _cc1991. |
||
| 300 |
_axviii,653p. _bill; _c25cm. |
||
| 504 | _aIncludes; bibliographical references and index. | ||
| 650 | 0 |
_aEngineering _9373 |
|
| 906 |
_a7 _bcbc _corignew _d1 _eocip _f19 _gy-gencatlg |
||
| 942 |
_2ddc _cO_SHELF |
||